Central Library OPAC University of Rajshahi

Styrene: its polymers, copolymers, and derivatives / (Record no. 76852)

MARC details
000 -LEADER
fixed length control field 01044cam a22003131 4500
001 - CONTROL NUMBER
control field 76852
003 - CONTROL NUMBER IDENTIFIER
rucl marc code BD-RjUL
005 - DATE AND TIME OF LATEST TRANSACTION
control field 20211209082909.0
008 - FIXED-LENGTH DATA ELEMENTS--GENERAL INFORMATION
fixed length control field 200127t19651952nyuac b 001 0 eng
035 ## - SYSTEM CONTROL NUMBER
System control number (BD-RjUL)77076
System control number (OCoLC)5786178
040 ## - CATALOGING SOURCE
Original cataloging agency DLC
Transcribing agency NSySU-F
Modifying agency DLC
Language of cataloging eng
041 ## - LANGUAGE CODE
Language code of text/sound track or separate title eng
042 ## - AUTHENTICATION CODE
Authentication code premarc
082 ## - DEWEY DECIMAL CLASSIFICATION NUMBER
Classification number 668.4233
Edition number 23
Author mark and year STY 1952
100 1# - MAIN ENTRY--PERSONAL NAME
Personal name Boundy, Ray H.,
Dates associated with a name 1903-
Relator term ed.
9 (RLIN) 238447
245 10 - TITLE STATEMENT
Title Styrene: its polymers, copolymers, and derivatives /
Statement of responsibility, etc. edited by Ray H. Boundy, Raymond F. Boyer, and Sylvia M. Stoesser.
260 ## - PUBLICATION, DISTRIBUTION, ETC. (IMPRINT)
Place of publication, distribution, etc. New York,
Name of publisher, distributor, etc. Hafner Pub. Co.
Date of publication, distribution, etc. [1955] c1952]
300 ## - PHYSICAL DESCRIPTION
Pagination (xxii, 1304 p. :
Illustrations illus., port. ;
Size 24 cm.
410 20 - SERIES STATEMENT/ADDED ENTRY--CORPORATE NAME [OBSOLETE, CAN/MARC], [LOCAL, USA]
Corporate name or jurisdiction name as entry element American chemical society ;
Subordinate unit Monograph series
Volume number/sequential designation [no. 115]
504 ## - BIBLIOGRAPHY, ETC. NOTE
Bibliography, etc Includes bibliographies.
650 #0 - SUBJECT ADDED ENTRY--TOPICAL TERM
Topical term or geographic name as entry element Styrene.
9 (RLIN) 205116
700 1# - ADDED ENTRY--PERSONAL NAME
Personal name Boyer, Raymond F.,
Personal name Stoesser, Sylvia M.,
906 ## - LOCAL DATA ELEMENT F, LDF (RLIN)
a 7
b cbc
c oclcrpl
d u
e ncip
f 19
g y-gencatlg
942 ## - ADDED ENTRY ELEMENTS (KOHA)
Source of classification or shelving scheme Dewey Decimal Classification
Koha item type Books
Holdings
Lost status Source of classification or shelving scheme Damaged status Not for loan Collection code Permanent Location Current Location Shelving location Date acquired Source of acquisition Cost, normal purchase price Total Checkouts Full call number Date last seen Copy number Koha item type
  Dewey Decimal Classification   Not For Loan Non-fiction Central Library, University of Rajshahi Central Library, University of Rajshahi Reading Room 08/02/1958 B.H. Blackwell 9.00   668.4233 STY 1952 27/01/2020 C-1 Books